Jeux Vidéo : Les Maps - Statistiques

Statistiques générales
  • Ce quiz a été pris 267 fois
  • Le résultat moyen est 5 sur 12
Statistiques - réponses
Par images Réponse % Correct
Rocket League
94%
Grand Theft Auto V
89%
The legend of Zelda : Breath of the wild
57%
Red Dead Redemption II
52%
Super Mario Odyssey
52%
The Elder Scrolls V : Skyrim
45%
Assassin's Creed : Black Flag
42%
Wii sport resort
24%
Assassin's Creed : Mirage
22%
Ghost of tsushima
22%
Slime Rancher
9%
Call of Duty BO2 : Tranzit
7%
Aucun quiz correspondant
Distribution des résultats
% des personnes avec chaque résultat
Percentile par nombre de réponses
Votre historique - résultats
Vous n’avez pas pris ce quiz